50 urban blocks / (Registro nro. 4292)
[ vista simple ]
| 000 -LEADER | |
|---|---|
| fixed length control field | 01448nam a22002777a 4500 |
| 003 - CONTROL NUMBER IDENTIFIER | |
| control field | PE SENCICO BE |
| 005 - DATE AND TIME OF LATEST TRANSACTION | |
| control field | 20251020182641.0 |
| 008 - FIXED-LENGTH DATA ELEMENTS--GENERAL INFORMATION | |
| fixed length control field | 230911b |||||||| |||| 00| 0 eng d |
| 020 ## - INTERNATIONAL STANDARD BOOK NUMBER | |
| International Standard Book Number | 978-84-617-9436-2 |
| 040 ## - CATALOGING SOURCE | |
| Original cataloging agency | PE SENCICO BE |
| Transcribing agency | PE SENCICO BE |
| 041 ## - LANGUAGE CODE | |
| Language code of text/sound track or separate title | spa |
| -- | eng |
| 082 ## - DEWEY DECIMAL CLASSIFICATION NUMBER | |
| Classification number | R 729 |
| Item number | A |
| 245 1# - TITLE STATEMENT | |
| Title | 50 urban blocks / |
| Statement of responsibility, etc. | A + T Architecture publishers |
| 250 ## - EDITION STATEMENT | |
| Edition statement | [1a ed.] |
| 260 ## - PUBLICATION, DISTRIBUTION, ETC. | |
| Place of publication, distribution, etc. | Sin lugar : |
| Name of publisher, distributor, etc. | a+t architecture publishers, |
| Date of publication, distribution, etc. | [2017] |
| 300 ## - PHYSICAL DESCRIPTION | |
| Extent | [50 tarjetas] : |
| Other physical details | diagramas, |
| Dimensions | 8 x 13 cm. |
| 440 ## - SERIES STATEMENT/ADDED ENTRY--TITLE | |
| 9 (RLIN) | 2020 |
| Title | A + T Density series |
| 500 ## - GENERAL NOTE | |
| General note | Catálogo de 50 manzanas urbanas |
| 520 ## - SUMMARY, ETC. | |
| Summary, etc. | Este juego de cartas contiene ejemplos de como diseñar una manzana urbana. Cada tarjeta propone una posible forma urbana junto con medidas y datos de densidad, incluyendo planos de planta, exposición a sol, cobertura y superficie construida y ocupada por planta. Las unidades se proporcionan en pies y metros y los diagramas axonómetros ofrecen un complemento visual claro a los datos,ilustrando las diversas disposiciones espaciales. Con tantos tipos de bloques urbanos reunidos en un formato único y fácil de usar , el conjunto ofrece inspiración para arquitectos, diseñadores y urbanistas de todo el mundo. |
| 650 10 - SUBJECT ADDED ENTRY--TOPICAL TERM | |
| 9 (RLIN) | 18 |
| Topical term or geographic name entry element | Diseño arquitectónico |
| 650 20 - SUBJECT ADDED ENTRY--TOPICAL TERM | |
| 9 (RLIN) | 528 |
| Topical term or geographic name entry element | Planificación urbana |
| 650 20 - SUBJECT ADDED ENTRY--TOPICAL TERM | |
| 9 (RLIN) | 762 |
| Topical term or geographic name entry element | Diseño urbano |
| 650 20 - SUBJECT ADDED ENTRY--TOPICAL TERM | |
| 9 (RLIN) | 570 |
| Topical term or geographic name entry element | Arquitectura urbana |
| 910 ## - USER-OPTION DATA (OCLC) | |
| -- | hfp |
| -- | hfp |
| 942 ## - ADDED ENTRY ELEMENTS (KOHA) | |
| Source of classification or shelving scheme | Dewey Decimal Classification |
| Koha item type | Libros |
| Fecha de la última vez que lo usaron | Número de ingreso o de inventario | Pago total | Signatura topográfica completa | Código de barras | Precio efectivo desde | Tipo de documento | Estado perdido | Estado dañado | No es para préstamo | Retirado | Ubicación permanente | Ubicación actual | Fecha de adquisición | Fuente de adquisición |
|---|---|---|---|---|---|---|---|---|---|---|---|---|---|---|
| 11/09/2023 | 16685 | R/729/A | BibLima24030044 | 11/09/2023 | Libros | Biblioteca Central Lima | Biblioteca Central Lima | 14/08/2023 | Comprado de la librería Megabook |